Ultimate Greek Gods and Goddesses Quiz - Statistics

General Stats
  • This quiz has been taken 262 times
  • The average score is 52 of 327
Answer Stats
Hint Answer % Correct
King of the gods Zeus
97%
Love and Beauty Aphrodite
94%
God of the Underworld Hades
94%
Queen of the gods Hera
94%
Seas, Earthquakes, Horses Poseidon
93%
Archery, the Sun, Music, Plague Apollo
92%
War Ares
92%
Wisdoms, Arts, Strategy Athena
92%
Thieves, Travelers, Messengers Hermes
90%
Wine and Friendship Between Nations Amphictyonis
87%
The Hunt, the Moon, Wild Animals Artemis
87%
Wine and Madness Dionysus
87%
Harvest and Fertility Demeter
86%
Blacksmithing and Fire Hephaestus
81%
Eats Raw Flesh or is a Primordial God Zagreus
80%
Strife and Discord Eris
78%
Home and Hearth Hestia
78%
The Earth Gaea
77%
Love Eros
76%
Time Chronos
72%
Springtime and Flowers Persephone
71%
Night Nyx
67%
Old Sun Helios
62%
Magic and Witchcraft Hecate
59%
Son of Zeus, Most Famous Hero Heracles
59%
Nature and Panic Pan
59%
Old Moon Selene
58%
The Void Chaos
57%
Sleep Hypnos
57%
Victory Nike
57%
Hero of the Trojan War with a Famous Weakness Achilles
55%
Rainbows Iris
55%
Messenger of the Sea, Waves, the Navy Triton
51%
Death Thanatos
50%
The Sky/Heavens Uranus
49%
Moon Goddess Men
48%
Distressed Sailors Leucothea
45%
Retribution and Punishes Hubris Nemesis
45%
Wife of Poseidon Amphitrite
43%
Famous Twin Castor
43%
Dawn Eos
43%
Dreaming Morpheus
43%
Famous Twin Pollux
43%
The Abyss Tartarus
43%
North Wind and Winter Boreas
41%
Youth and Beauty Hebe
39%
Darkness and Shadow Erebus
35%
King of Crete, Judge of the Underworld Minos
35%
Medicine | Thessalian Physician Killed by Zeus Asclepius
34%
Muse of Epic Poetry and Speech Calliope
34%
The Sea Itself Pontus
34%
Fell in Love with Eros | The Human Soul Psyche
34%
Festive Celebrations and Banquets | Muse of Comedy Thalia
34%
King of Thessaly | Master of the Winds Aeolus
31%
Day Hemera
31%
Fear and Terror Phobos
31%
Deadliest Creature/God in Greek Mythology Typhoeus
31%
Immortal Sorceress and Magic Circe
30%
Muse of History Clio
29%
Dread and Panic Deimos
29%
Dolphins Delphin
28%
West Wind and Spring Zephyrus
28%
Light and Mist Aether
27%
The Spinner Clotho
27%
Muse of Astronomy Urania
27%
Poisons and Misery Achlys
24%
Fury/Erinyes Alecto
24%
Handsome Trojan Prince | Homosexual Love, Cupbearer of the gods Ganymede
24%
Invincibility and The Bringer of Victory Ma
24%
Cretan Princess | Labyrinths and Paths Ariadne
23%
Snow Khione
23%
Fishermen, Gift of Prophecy, Shapeshifting Nereus
21%
Mortal Mother of Dionysus Semele
21%
Muse of Dance and Chorus Terpsichore
21%
Strength and Power Kratos
20%
Muse of Tragedy Melpomene
20%
Mother of Fish and Sea Creatures Thalassa
20%
Harmony and Concord Harmonia
19%
The Measurer Lachesis
19%
Muse of Sacred Arts, Hymns, Pantomimes Polyhymnia
19%
The Cutter Atropos
18%
Muse of Love Poetry Erato
18%
South Wind and Summer Notus
18%
Sea Monsters Ceto
17%
East Wind and Autumn Eurus
17%
Fury/Erinyes Megaera
17%
Chance, Fate, Fortune Tyche
17%
Southeast Wind Apheliotes
15%
Muse of Music and Lyric Poetry Euterpe
15%
Fertility, Orchards, Having a large Phallus Priapus
15%
Fury/Erinyes Tisiphone
14%
Inevitability and Necessity Ananke
13%
Old Age Geras
13%
Propitiations, the Moon, Nightmares Melinoë
13%
Memory Mnemosyne
13%
Violent Sea and Storms Kymopoleia
12%
Impending Doom Moros
12%
Deep-sea Dangers Phorcys
12%
Wealth Ploutos
12%
Herdsman of Poseidon's Seals Proteus
12%
Zeal and Ambition Zelus
12%
Force Bia
11%
War and Destruction Enyo
11%
Cleanliness and Hygiene Hygieia
11%
Dusk Astraeus
10%
Stars and Planets Astraios
10%
Childbirth Eileithyia
10%
Theban Princess Ino
10%
Blessed Death Macaria
10%
Satire, Mockery, Poets Momus
10%
Grief, Anxiety, Depression Oizys
10%
Procreation Phanes
10%
Daughter of Triton Triteia
10%
Cheesemakers, Beekeepers, Rural Crafts | Thessalian Hero and Inventor Aristaeus
9%
Double Rainbows and Messenger of the Titans Arke
9%
Made Immortal After Eating a Magical Herb | Unfortunate Fishermen and Sailors Glaucus
9%
Unions, Marriage, Sexuality Hermaphroditus
9%
The Evening Star (Venus) Hesperus
9%
Wife of Castor Phoebe
9%
The Morning Star (Venus) Phosphorous
9%
Eternity Aion
8%
Vegetation Attis
8%
Peace and Wealth Eirene
8%
Marriage Ceremonies, Inspiring Feasts, Song Hymen
8%
Anger and Rabies Lyssa
8%
Guards the Cattle of Hades Menoetes
8%
A Theban Prince | Sailor, Sharks, Harbors Palaemon
8%
Wine Making Seilenos
8%
Delusion, Recklessness, Ruin Atë
7%
Sailors Brizo
7%
Moral/Human Justice Diké
7%
Prophetic Dreams Ikelos
7%
Poseidon's Charioteer Nerites
7%
Inanimate Objects in Dreams Phantasos
7%
King of Crete, Judge of the Underworld Rhadamanthys
7%
Healing of Wounds and Curing of Illnesses Aceso
6%
King of Aegina, Judge of the Underworld Aiakos
6%
Blood Feuds and Vengeance Alastor
6%
Katachthonia, daughter of Hera and Zeus Angelos
6%
Hunting and Fishnets Britomartis
6%
Revelry and Festivity Comus
6%
Fertility and the Cult of Demeter | Mysteries Despoina
6%
Hope Elpis
6%
Nightmares Epiales
6%
Soothing Pain Epione
6%
Morning Dew Ersa
6%
The Hekateris (Hand Dance) Hecaterus
6%
Northeast Wind Kaikias
6%
Months Mene
6%
Physician of the gods Paean
6%
Healing Panacea
6%
Vengeance Poine
6%
Northwest Wind Skirion
6%
Wonders of the Sea Thaumas
6%
Creation Thesis
6%
Spring Eiar
5%
Curses, Remedies, Modes of Healing Iaso
5%
Southwest Wind Lips
5%
Athenian Princess Abducted by Boreas | Cold, Gusty Mountain Winds Orithyia
5%
Hero of the Island of Tenedos Tenes
5%
Farming Triptolemus
5%
Founded the Town of Alabanda Alabandus
4%
Requited Love Anteros
4%
Tends the Underworld Orchards and Screech Owls Askalapho
4%
First Light of the Morning Auge
4%
Growth and Protector of Vegetation Auxo
4%
Deep Waves Benthesikyme
4%
Fruit of the Ivy Corymbus
4%
Lover of Selene Endymion
4%
Morning Hour of Gymnastics and Exercise Gymnastika
4%
Starvation Limos
4%
Rumor, Report, Gossip Pheme
4%
Affection, Friendship, Sexual Intercourse Philotes
4%
Radiant of Good Health Aegle
3%
Beauty, Adornment, Splendor Aglaea
3%
Hour of Eating and Pleasure Akte
3%
Sun and Morning Alectrona
3%
Deceit Apate
3%
Ripening and Harvesting Carpo
3%
Guile and Trickery Dolos
3%
Sunset Dysis
3%
Anarchy Dysnomia
3%
Impiety Dyssebeia
3%
Good Order and Lawful Conduct | Law and Legislation Eunomia
3%
Sexual Desire Himeros
3%
Oaths Horkos
3%
Pain, Grief, Sadness Lupe
3%
Law Nomos
3%
The Full Moon Pandia
3%
Meditation and Hallucinations Pasithea
3%
Poverty and Need Penia
3%
The Planet Saturn (Kronion) Phaenon
3%
The Planet Jupiter (Dios) Phaëthon
3%
Famous Archer in the Trojan War Philoctetes
3%
Sexual Yearning, Longing, and Desire Pothos
3%
The Planet Mercury (Hermaon) Stilbon
3%
Summer Theros
3%
The War Cry Alala
2%
Truth and Sincerity Aletheia
2%
Hero of the War of the Seven Against Thebes Amphiaraus
2%
Sunrise Anatole
2%
Flowers and Wreaths Antheia
2%
The Night Sky and Constellations (Night) Arktos
2%
Justice Astraea
2%
Opportunity Caerus
2%
Beauty Calleis
2%
North-Northwest Wind Circios
2%
Glory Cleta
2%
Mercy, Pity, Compassion Eleos
2%
Prudence, Carefulness, Shrewdness Epiphron
2%
Cheer, Joy, Mirth Euphrosyne
2%
Silence Harpocrates
2%
Joy and Pleasure Hedone
2%
Sweet Talk and Flattery Hedylogos
2%
Blooming Plants/Fruits and Mastery Hegemone
2%
Evening Hesperis
2%
Wife of Pollux Hilaera
2%
Outrageous Behavior Hybris
2%
Semi-Historical Bebrycian Princess Lampsace
2%
Morning Hour of Music and Study Mousika
2%
Morning Hour of Ablutions Nymphe
2%
Amusement Paidia
2%
Wrestling Palaestra
2%
Shinning Phaenna
2%
Hardship and Toil Ponos
2%
Accomplishment and Contrivance Poros
2%
Sewing Rhapso
2%
Hour of Libations Poured After Lunch Sponde
2%
Dionysian Initiations and Nighttime Festivities Telete
2%
Blossoms and Protector of Youth Thallo
2%
The Moon Cycles and Comfort Achelois
1%
Trouble and Distress Achos
1%
Satiety and Gluttony Adephagia
1%
Injustice and Wrongdoing Adikia
1%
Laziness | Sloth Aergia
1%
Vineyards and Grain Fields Agathodaemon
1%
Hermaphroditic Deity Agdistis
1%
Contest Agon
1%
Modesty, Reverence, Shame Aidos
1%
Twin Son of Heracles Alexiares
1%
Helplessness | Helplessness and Want of Means Amechania
1%
Ruthlessness, Shamelessness, Unforgiveness Anaideia
1%
Messages, Tidings, Proclomations Angelia
1%
Ache and Anguish Ania
1%
Twin Son of Heracles Anicetus
1%
Agriculture and Fertility Aphaea
1%
Simplicity Apheleia
1%
Virtue and Goodness Arete
1%
Winter Cheimon
1%
Gold Chrysus
1%
Surfeit Corus
1%
Fertility Damia
1%
Laughter Delos
1%
Justice and Righteousness Dikaiosyne
1%
The Olive Branch Eiresione
1%
Truce and Armistice Ekecheiria
1%
Hour of Prayer Elete
1%
Minor god of War Enyalius
1%
Sacred Swine and Clodding Eubouleus
1%
Good Repute and Glory Eucleia
1%
Happiness Eudaimonia
1%
Circumspection, Discretion, Caution, Eulabeia
1%
The Flour Mill Eunostus
1%
Acclamation, Good Omens, Praise Eupheme
1%
Abundance Euporie
1%
Well-Being Eupraxia
1%
Piety, Duty, Final Respects Eusebeia
1%
Prosperity and Abundance Euthenia
1%
Good Moods Euthymia
1%
Snake god Glycon
1%
Destined by Fate/Cause and Effect Heimarmene
1%
The Din of Battle Homados
1%
Concord, Unanimity, Oneness Homonoia
1%
Impulse and Eagerness Horme
1%
Pursuit of Battle Ioke
1%
Vice and Moral Badness Kakia
1%
Harvest Karmanor
1%
Stupidity and Foolishness Koalemos
1%
Hubbub, Confusion, Uproar Kydoimos
1%
Noon Mesembria
1%
Altercation Neikea
1%
Prosperity Orthosie
1%
Backrush and Retreat from Battle Palioxis
1%
Universal Banquets Pandaisia
1%
All-Night Festivities Pannychis
1%
Discipline Peitharchia
1%
Persuasion and Seduction Peitho
1%
Lamentation, Grief, Mourning Penthus
1%
The Destined Share/Intertwined Fates Pepromene
1%
Substance Pherusa
1%
Friendliness, Kindness, Welcome Philophrosyne
1%
Horror and Trembling Fear Phrike
1%
Envy and Jealousy Phthonus
1%
Personification of War Polemos
1%
Exacting Justice Praxidike
1%
Onrush and Charging into Battle Proioxis
1%
Excuses and Pleas Prophasis
1%
The Sky Father and Horsemen Sabazios
1%
Ally of Troy, Killed by the Women of Lycia Scylaceus
1%
Moderation, Self-Control, Temperance Sophrosyne
1%
Patron god of Elis Sosipolis
1%
Safety, Preservation, Deliverance from Harm Soter
1%
Female version of above Soteria
1%
Boldness Thrasos
1%
Mother of Dionysus Thyone
1%
Unmixed Wine Acratopotes
0%
Lot and Fate Aisa
0%
Tracking Ichnaea
0%
Love Charm Iynx
0%
Spartan Princess Phylonoe
0%
Truth, Honesty, Good Faith Pistis
0%
Autumn Pthinoporon
0%
Beggary and Pleas Ptocheia
0%
No matching quizzes found
Score Distribution
Percent of People with Each Score
Percentile by Number Answered
Your Score History
You have not taken this quiz